LEADER 01892nam 2200457Ia 450 001 996393473203316 005 20200824132345.0 035 $a(CKB)4940000000116898 035 $a(EEBO)2240969327 035 $a(OCoLC)ocm12408814e 035 $a(OCoLC)12408814 035 $a(EXLCZ)994940000000116898 100 $a19850821d1699 uy | 101 0 $aeng 135 $aurbn||||a|bb| 200 12$aA just and modest vindication of the Scots design, for the having established a colony at Darien$b[electronic resource] $ewith a brief display, how much it is their interest, to apply themselves to trade, and particularly to that which is foreign 210 $a[Edinburgh? $cs.n.]$d1699 215 $a[31], 214 p 300 $aWritten by Robert Ferguson. Cf. DNB.; Ferguson, J. Robert Ferguson the plotter, 1887, p. 333; and, A short vindication of Phil. Scot's Defence of the Scots abdicating Darien, 1700, p. 48. 300 $aAttributed by some authorities to James Hodges. Cf. Halkett & Laing; Hazlit, W.C. Bibl. coll., 3rd ser., sup. 300 $aPlace of publication from NUC pre-1956 imprints. 300 $aMarginal notes. 300 $aReproduction of original in Harvard University Libraries. 330 $aeebo-0062 606 $aDarien Scots' Colony, 1698-1700 607 $aScotland$xCommercial policy 607 $aScotland$xHistory$y1689-1745 607 $aPanama$xColonization 607 $aPanama$xDiscovery and exploration 615 0$aDarien Scots' Colony, 1698-1700. 700 $aFerguson$b Robert$fd. 1714.$0795881 701 $aHodges$b James$01012273 801 0$bEAA 801 1$bEAA 801 2$bm/c 801 2$bEAA 801 2$bWaOLN 906 $aBOOK 912 $a996393473203316 996 $aA just and modest vindication of the Scots design, for the having established a colony at Darien$92423650 997 $aUNISA